00898 a2200157 45000010006000000050017000060080041000230030015000640400040000790800085001192450109002042640034003133000020003475050342003671000031007095470720260407155822.0260407a1964 arg spa dAR-UNSa-BCEJYS aAR-UNSa-BCEJYSbspacAR-UNSa-BCEJYS a323.17xAutonomía y autodeterminación de las nacionalidades (Federalismo...)10aSituación actual del federalismopaspectos institucionales,; en particular sobre la realidad Argentina 1aBuenos Aires :bDepalmac1964 a82 p.c23,5 cm. aI. Introducción - II. Algunas reflexiones previas - III. Federalismo: constitución y legislación - IV. Federalismo y partidos políticos nacionales - V. Federalismo y Poder Ejecutivo - VI. Federalismo y Poder Judicial - VII. Federalismo y recursos financieros - VIII. Federalismo y energía - IX. Federalismo y poder de policía1 aVanossi, Jorge Reinaldo A.